Normal view
MARC view
- RF CIRCUIT DESIGN WITH LOW NOISE OSCILLATORS
Entry Topical Term
001 - CONTROL NUMBER
- control field: 60721
003 - CONTROL NUMBER IDENTIFIER
- control field: NUST
005 - DATE AND TIME OF LATEST TRANSACTION
- control field: 20210628202618.0
008 - FIXED-LENGTH DATA ELEMENTS
- fixed length control field: 210628|| aca||aabn | a|a d
040 ## - CATALOGING SOURCE
- Original cataloging agency: NUST
- Transcribing agency: NUST
150 ## - HEADING--TOPICAL TERM
- Topical term or geographic name entry element: RF CIRCUIT DESIGN WITH LOW NOISE OSCILLATORS
670 ## - SOURCE DATA FOUND
- Source citation: Work cat.: (NUST): Everard, Jeremy 60720, Fundamentals of rf circuit design with low noise oscillators, 2001
